Digital system design with LSI bit-slice logic / (Record no. 6313)

MARC details
000 -LEADER
fixed length control field 00969nam a2200313 4500
001 - CONTROL NUMBER
control field 392923
005 - DATE AND TIME OF LATEST TRANSACTION
control field 20260209061245.0
007 - PHYSICAL DESCRIPTION FIXED FIELD--GENERAL INFORMATION
fixed length control field 000
008 - FIXED-LENGTH DATA ELEMENTS--GENERAL INFORMATION
fixed length control field 000
010 ## - LIBRARY OF CONGRESS CONTROL NUMBER
LC control number 79026258
020 ## - INTERNATIONAL STANDARD BOOK NUMBER
International Standard Book Number 0471053767
040 ## - CATALOGING SOURCE
Original cataloging agency UOEL
Transcribing agency DLC
Modifying agency DLC
050 00 - LIBRARY OF CONGRESS CALL NUMBER
Classification number TK7888.3
Item number .M93 1980
082 00 - DEWEY DECIMAL CLASSIFICATION NUMBER
Classification number 621.3819/58/3
Edition number 19
100 1# - MAIN ENTRY--PERSONAL NAME
Personal name Myers, Glenford J.,
Dates associated with a name 1946-
245 10 - TITLE STATEMENT
Title Digital system design with LSI bit-slice logic /
Statement of responsibility, etc Glenford J. Myers.
260 ## - PUBLICATION, DISTRIBUTION, ETC. (IMPRINT)
Place of publication, distribution, etc New York :
Name of publisher, distributor, etc Wiley,
Date of publication, distribution, etc c1980.
300 ## - PHYSICAL DESCRIPTION
Extent xi, 338 p. :
Other physical details ill. ;
Dimensions 25 cm.
500 ## - GENERAL NOTE
General note "A Wiley-Interscience publication."
504 ## - BIBLIOGRAPHY, ETC. NOTE
Bibliography, etc Includes bibliographical references and index.
650 #0 - SUBJECT ADDED ENTRY--TOPICAL TERM
Topical term or geographic name as entry element Electronic digital computers
General subdivision Design and construction.
Topical term or geographic name as entry element Digital electronics.
Topical term or geographic name as entry element Logic circuits.
Topical term or geographic name as entry element Logic design.
Topical term or geographic name as entry element Integrated circuits
General subdivision Large scale integration.
Topical term or geographic name as entry element Microprogramming.
906 ## - LOCAL DATA ELEMENT F, LDF (RLIN)
a 7
b cbc
c orignew
d 1
e ocip
f 19
g y-gencatlg
942 ## - ADDED ENTRY ELEMENTS (KOHA)
Source of classification or shelving scheme Library of Congress Classification
Item type BOOK
Holdings
Withdrawn status Lost status Source of classification or shelving scheme Damaged status Not for loan Home library Current library Shelving location Date acquired Total Checkouts Full call number Barcode Date last seen Copy number Price effective from Koha item type
    Library of Congress Classification     UOE Main Library UOE Main Library Open shelf 30/04/2015   TK7888.3 .M93 1980 20144781 30/04/2015 20144781 30/04/2015 Loan - Normal on open shelf
    Library of Congress Classification     UOE Main Library UOE Main Library Open shelf 06/05/2015   TK7888.3 .M93 1980 20135582 06/05/2015 20135582 06/05/2015 Loan - Normal on open shelf